Digitální antitrust : EU a ochrana hospodářské soutěže v éře velkých online platforem

Saved in:
Bibliographic Details
Main Author Šmejkal, Václav, 1966- (Author)
Format Book
LanguageCzech
Published Praha : Univerzita Karlova, nakladatelství Karolinum, 2026
EditionVydání první
Subjects
ISBN9788024663227
Physical Description216 stran ; 24 cm

Cover

LEADER 00000nam a2200000 i 4500
001 115541
003 CZ-ZlUTB
005 20260429082906.0
007 ta
008 260216s2026 xr f 000 0 cze d
015 |a cnb003739704 
020 |a 9788024663227  |q (brožováno) 
040 |a KLG001  |b cze  |d ABA001  |e rda 
041 0 |a cze  |b eng 
043 |a e------ 
072 7 |a 346  |x Hospodářské právo  |2 Konspekt  |9 16 
080 |a 346.546  |2 MRF 
080 |a 339.13.025.2  |2 MRF 
080 |a 004.774.1  |2 MRF 
080 |a 004.8  |2 MRF 
080 |a 34  |2 MRF 
080 |a 341.171(4)  |2 MRF 
080 |a (4)  |2 MRF 
080 |a (048.8)  |2 MRF 
100 1 |a Šmejkal, Václav,  |d 1966-  |7 jn20001227177  |4 aut 
245 1 0 |a Digitální antitrust :  |b EU a ochrana hospodářské soutěže v éře velkých online platforem /  |c Václav Šmejkal 
246 3 0 |a EU a ochrana hospodářské soutěže v éře velkých online platforem 
250 |a Vydání první 
264 1 |a Praha :  |b Univerzita Karlova, nakladatelství Karolinum,  |c 2026 
300 |a 216 stran ;  |c 24 cm 
336 |a text  |b txt  |2 rdacontent 
337 |a bez média  |b n  |2 rdamedia 
338 |a svazek  |b nc  |2 rdacarrier 
504 |a Obsahuje bibliografii a bibliografické odkazy 
546 |a Anglické resumé 
650 0 7 |a právo hospodářské soutěže  |7 ph115916  |z země Evropské unie  |2 czenas 
650 0 7 |a ochrana hospodářské soutěže  |7 ph338510  |z země Evropské unie  |2 czenas 
650 0 7 |a digitální platformy  |7 ph1290767  |x právní aspekty  |2 czenas 
650 0 7 |a umělá inteligence  |7 ph116536  |x právní aspekty  |2 czenas 
650 0 7 |a evropské právo  |7 ph121776  |2 czenas 
650 0 9 |a competition law  |z European Union countries  |2 eczenas 
650 0 9 |a competition policy  |z European Union countries  |2 eczenas 
650 0 9 |a digital platforms  |x legal aspects  |2 eczenas 
650 0 9 |a artificial intelligence  |x legal aspects  |2 eczenas 
650 0 9 |a European law  |2 eczenas 
655 7 |a monografie  |7 fd132842  |2 czenas 
655 9 |a monographs  |2 eczenas 
710 2 |a Nakladatelství Karolinum  |7 ko2003164638  |4 pbl 
910 |a ZLD002 
928 9 |a Karolinum 
942 |2 udc 
952 |0 0  |1 0  |4 0  |5 0  |6 34ŠMEJKALV  |7 0  |8 BOOK  |9 190875  |a UTBZL  |b UTBZL  |c 005  |d 2026-04-24  |l 0  |o 34/ŠMEJKAL,V.  |p 420010201741  |r 2026-04-24 13:15:56  |v 350.00  |w 2026-04-24  |x N:nákup  |y 01 
952 |0 0  |1 0  |4 0  |5 0  |6 34ŠMEJKALV  |7 0  |8 BOOK  |9 190876  |a UTBZL  |b UTBZL  |c 006  |d 2026-04-24  |l 0  |o 34/ŠMEJKAL,V.  |p 420010201742  |r 2026-04-24 13:16:17  |v 350.00  |w 2026-04-24  |x N:nákup  |y 04 
992 |a BK  |b SK 
999 |c 115541  |d 115541